header

Petroleum reservoir fluid property correlations (Record no. 193566)

MARC details
000 -LEADER
fixed length control field 01312nam a2200337Ia 4500
082 04 - DEWEY DECIMAL CLASSIFICATION NUMBER
Classification number 622/.338
100 1# - MAIN ENTRY--AUTHOR NAME
Personal name McCain, William D.,
245 10 - TITLE STATEMENT
Title Petroleum reservoir fluid property correlations
260 ## - PUBLICATION, DISTRIBUTION, ETC. (IMPRINT)
Place of publication Tulsa, Okla. :
Name of publisher PennWell Corp.,
Year of publication c2011.
300 ## - PHYSICAL DESCRIPTION
Number of Pages x, 219 p. :
Other physical details ill.
650 #0 - SUBJECT ADDED ENTRY--TOPICAL TERM
Topical Term Hydrocarbon reservoirs
Topical Term Viscosity.
700 1# - ADDED ENTRY--PERSONAL NAME
Personal name Spivey, John Paul,
Personal name Lenn, Christopher P.
856 40 - ELECTRONIC LOCATION AND ACCESS
Uniform Resource Identifier http://site.ebrary.com/lib/rucke/Doc?id=10605563

No items available.

© 2026 Rongo University
Contact us: librarian | system librarian | Rongo university